000 02217nam a2200241 4500
001 0000008468
005 20250329165448.0
008 180125s2017 000 0 eng d
040 _aCO-CtgCURN
_bspa
_ccoctgcurn
082 0 _aINS 2017
_bC227
100 1 _aCanoles Rodriguez, Jefferson.
245 1 0 _aDiseño y desarrollo de un manual de procedimientos basado en el modelo CAPABILITY MATURITY MODEL INTEGRATION MOPROSOFT para la construcion de software de la Corporacion Universitaria Rafael Nuñez /
_cJefferson Canoles Rodriguez ; Barrios Berti Kevin Jos.
260 _aCartagena de Indias :
_bCorporacion Universitaria Rafael Nuñez,
_c2017.
300 _a104 P.
502 _aTrabajo de Grado. (Ingeniero de Sistemas ). Corporacion Universitaria Rafael Nuñez . Facultad de Ingenieria de Sistemas. Programa de Ingenieria de Sistemas, 2017.
520 _aEn M xico, las micro, pequeñas y medianas empresas emplean alrededor del 78, del total de la poblacion economica activa, por ello la importancia de apoyar su desarrollo. Los estandares de calidad ayudan a hacerlas competentes en el mercado laboral. Los estandares que MOPROSOFT, se define por organizaciones internacionales y se diseñan para empresas grandes . Se presenta la solucion en este documento, el cual es un manual basado en el modelo de procesos de software que cumpla con las necesiades de dpto de ayudas de la Curn, puesto que no cumplen con un modelo de procesos definidos, para estos se utilizar el modelo de procesos MOPROSOFT , el cual contiene tres niveles, el nivel de alta direccion y gerencia se reunen en un solo nivel y el nivel de operacion se conserva, la administracion de proyectos especificos y el desarrollo y mantenimiento de software cambia.
650 0 _aIngenieria de Sistemas
_vTesis y Disertaciones Academicas.
700 1 _aBarrios Berti, Kevin Jose.
700 1 _aBlanquicett Benavides, Luis Alfredo,
_cDirector.
856 7 _uhttps://unicurn.sharepoint.com/:b:/s/biblioteca/EVZvDyjxx1dAhDQGBm61QHEBlkqJL9H8IjoHkaXA4WD_Kw?e=i0W65Q
_zClick aqui para ver el recurso en texto completo
942 _2ddc
_cTG
_hINS 2017
_iC227
999 _c4790
_d4790